00389 2200157 4500001002100000005001500021035002000036245004400056100002100100300002600121260002800147082000800175084001400183020002200197990001200219INLIS00000000000298220250918070851 a0010-09250003291 aNyanyian Patah Hati /cEidelweis Almira0 aEidelweis Almira a224 hlm ;c13 x 19 cm aJakarta :bZettu,c2012 a813 a813 EID n a978-602-7999-50-3 a0755651